Teoría y práctica del cheque / (Registro nro. 7905)

Detalles MARC
000 -LEADER
fixed length control field 01047nam a2200229Ia 4500
003 - CONTROL NUMBER IDENTIFIER
control field OSt
005 - DATE AND TIME OF LATEST TRANSACTION
control field 20210603114620.0
008 - FIXED-LENGTH DATA ELEMENTS--GENERAL INFORMATION
fixed length control field 210310s1974 mx gr 000 0 spa d
040 ## - CATALOGING SOURCE
Original cataloging agency CO-JMCR
Transcribing agency CO-JMCR
041 0# - LANGUAGE CODE
Language code of text/sound track or separate title spa
082 04 - DEWEY DECIMAL CLASSIFICATION NUMBER
Classification number 347.7 /
Item number D419t
Edition number 23
100 1# - MAIN ENTRY--PERSONAL NAME
Personal name De Pina Vara, Rafael,
9 (RLIN) 15780
Relator term autor
245 10 - TITLE STATEMENT
Title Teoría y práctica del cheque /
Statement of responsibility, etc. Rafael De Pina Vara
250 ## - EDITION STATEMENT
Edition statement Segunda edición
260 ## - PUBLICATION, DISTRIBUTION, ETC.
Place of publication, distribution, etc. México :
Name of publisher, distributor, etc. Editorial Porrúa,
Date of publication, distribution, etc. 1974
300 ## - PHYSICAL DESCRIPTION
Extent 470 páginas ;
Dimensions 22 cm.
500 ## - GENERAL NOTE
General note Incluye notas a pie de página.
504 ## - BIBLIOGRAPHY, ETC. NOTE
Bibliography, etc. note Bibliografía: páginas 457-465
505 0# - FORMATTED CONTENTS NOTE
Formatted contents note Conceptos generales -- Antecedentes históricos y legislativos -- La naturaleza jurídica del cheque -- Los presupuestos de emisión del cheque -- Los requisitos formales del cheque -- La circulación del cheque -- El aval en el cheque -- El pago del cheque -- Las acciones derivadas del cheque -- Las formas especiales del cheque -- La protección final del cheque
650 14 - SUBJECT ADDED ENTRY--TOPICAL TERM
Topical term or geographic name entry element Cheques
9 (RLIN) 15782
General subdivision Legislación
Geographic subdivision México
942 ## - ADDED ENTRY ELEMENTS (KOHA)
Source of classification or shelving scheme Dewey Decimal Classification
Koha item type Books
Existencias
Withdrawn status Lost status Source of classification or shelving scheme Damaged status Not for loan Collection code Home library Current library Date acquired Source of acquisition Full call number Barcode Date last seen Copy number Koha item type
    Dewey Decimal Classification     Non-fiction Biblioteca Pública José María del Castillo y Rada Biblioteca Pública José María del Castillo y Rada 04/15/2018 Donación 347.7 / D419t 430003356 05/16/2024 Ej.1 Books